Social media ako nástroj komunikácie s potencionálnymi zamestnancami bakalárska práca

Gespeichert in:
Bibliographische Detailangaben
1. Verfasser: Havlíková, Lenka
Körperschaft: Obchodná fakulta EU. Katedra marketingu
Weitere Verfasser: Chomová, Katarína, 1983-
Format: Buch
Sprache:Slowakisch
Veröffentlicht: Bratislava 2013
Tags: Tag hinzufügen
Keine Tags, Fügen Sie das erste Tag hinzu!

MARC

LEADER 00000nbm a2200000 4500
001 0171131
005 20161109112018.1
041 0 |a slo 
044 |a SK 
245 1 0 |a Social media ako nástroj komunikácie s potencionálnymi zamestnancami  |b bakalárska práca  |c Lenka Havlíková ; školiteľ: Katarína Chomová 
264 1 |a Bratislava  |c 2013 
300 |a 64 s. 
100 1 |a Havlíková, Lenka 
700 1 |a Chomová, Katarína, 1983- 
710 2 |a Obchodná fakulta EU. Katedra marketingu